TUTTA COLPA DI GIUDA (Record n. 104728)
[ formato base ]
| 000 -LEADER | |
|---|---|
| fixed length control field | 02463agaaa2200313 4500 |
| 001 - CONTROL NUMBER | |
| control field | 9699 |
| 003 - CONTROL NUMBER IDENTIFIER | |
| control field | IT-RoPAU |
| 005 - DATE AND TIME OF LATEST TRANSACTION | |
| control field | 20220918181224.0 |
| 007 - PHYSICAL DESCRIPTION FIXED FIELD--GENERAL INFORMATION | |
| fixed length control field | d cvaizq |
| 008 - FIXED-LENGTH DATA ELEMENTS--GENERAL INFORMATION | |
| fixed length control field | 50131s9999||||xx ||| | || ||und|| |
| 040 ## - CATALOGING SOURCE | |
| Original cataloging agency | IT-RoPAU |
| Transcribing agency | IT-RoPAU |
| 041 ## - LANGUAGE CODE | |
| Language code of text/sound track or separate title | ITALIANO |
| 100 ## - MAIN ENTRY--PERSONAL NAME | |
| Personal name | Ferrario Davide |
| Miscellaneous information | Codice regista SPICS: 11784 |
| 9 (RLIN) | 37337 |
| 130 ## - MAIN ENTRY--UNIFORM TITLE | |
| Uniform title | TUTTA COLPA DI GIUDA |
| 9 (RLIN) | 37338 |
| 245 ## - TITLE STATEMENT | |
| Title | TUTTA COLPA DI GIUDA |
| Statement of responsibility, etc. | Prodotto da: Ferrario Davide -- Sceneggiatura: Ferrario Davide -- Diretto da: Ferrario Davide |
| Name of part/section of a work | TUTTA COLPA DI GIUDA (Rif. Codice opera principale : H9699) |
| 250 ## - EDITION STATEMENT | |
| Edition statement | Edizione Standard |
| 260 ## - PUBLICATION, DISTRIBUTION, ETC. (IMPRINT) | |
| Place of publication, distribution, etc. | (ITALIA) |
| Name of publisher, distributor, etc. | ROSSOFUOCO - FILM COMMISSION TORINO PIEMO / Distribuzione: FELTRINELLI |
| Date of manufacture | "2009 (1° ed.: 2010 ; Ed. Lingua Orig.: 2009)" |
| 300 ## - PHYSICAL DESCRIPTION | |
| Extent | DVD |
| Other physical details | sonoro, col. |
| Dimensions | 95 minuti |
| 508 ## - CREATION/PRODUCTION CREDITS NOTE | |
| Creation/production credits note | "Fotografia: Cecchin Dante; Montaggio: Cormio Claudio; Musica: Barovero Fabio; Sceneggiatura: Ferrario Davide; Scenografia: Bocca Francesca; " |
| 511 ## - PARTICIPANT OR PERFORMER NOTE | |
| Participant or performer note | "Smutniak Kasia; Troiano Fabio; Gobbi Gianluca; Godano Cristiano; Signa Francesco" |
| 520 ## - SUMMARY, ETC. | |
| Summary, etc. | "UNA REGISTA TEATRALE D'AVANGUARDIA, UN DIRETTORE DI CARCERE. UN CAPPELLANOCHE VUOLE METTERE IN SCENA UNA PASSIONE. VENTI DETENUTI CHE ASPETTANO SOLOCHE IL TEMPO PASSI. QUANDO IRENA MIRKOVIC ACCETTA DI COLLABORARE CON DON IRIDORO NON SA CHE QUELL'ESPERIENZA LE CAMBIERA' LA VITA. NON SOLO PERCHE' L'INCONTRO CON IL DIRETTORE LIBERO TARSITANO LA SPINGERA' A CHIUDERE DEFINITIVAMENTE LA RELAZIONE COL SUO FIDANZATO-ATTORE CRISTIANO, MA PERCHE' PRESTOSI TROVERA' DI FRONTE A UN PROBLEMA INSOLUBILE. DOPO AVER CONQUISTATO LA FIDUCIA DEI DETENUTI, IRENA SI RENDE CONTO CHE DENTRO NESSUNO E' INTENZIONATO A FARE LA PARTE DI GIUDA, PER MOTIVI CHE IN UN CARCERE SONO CHIARI A TUTTI. NONOSTANTE LE SUE INSISTENZE I RAGAZZI RESTANO ADAMANTINI NEL LORO RIFIUTO. ANCHE PERCHE' C'E' CHI REMA CONTRO LO SPETTACOLO: SUOR BONARIA, UNA RELIGIOSA INFLESSIBILE MA DOTATA ANCHE DI SPIRITO MOLTO PRATICO. CONTENUTI SPECIALI: BACKSTAGE; BLOOPERS E SCENE TAGLIATE; TRAILER; VIDEOCLIP CANZONE IN PRIGIONE, COLPA DI GIUDA, DANCE SLOW." |
| 538 ## - SYSTEM DETAILS NOTE | |
| System details note | PAL, STEREO |
| 546 ## - LANGUAGE NOTE | |
| Language note | ITALIANO |
| 650 ## - SUBJECT ADDED ENTRY--TOPICAL TERM | |
| Topical term or geographic name as entry element | COMMEDIA |
| Relator term | DVD-FILM [DVD] |
| General subdivision | Codice MATERIA SPICS: 9947 |
| 9 (RLIN) | 36668 |
| 700 ## - ADDED ENTRY--PERSONAL NAME | |
| Personal name | Barovero Fabio |
| Relator term | (musica) |
| Miscellaneous information | Codice Musica SPICS: 59905 |
| 9 (RLIN) | 37339 |
| 700 ## - ADDED ENTRY--PERSONAL NAME | |
| Personal name | Ferrario Davide |
| Relator term | (regista) |
| Miscellaneous information | Codice regista SPICS: 11784 |
| 9 (RLIN) | 37340 |
| 700 ## - ADDED ENTRY--PERSONAL NAME | |
| Personal name | Ferrario Davide |
| Relator term | (soggetto) |
| Miscellaneous information | Codice Soggetto SPICS: 11784 |
| 9 (RLIN) | 37341 |
| 942 ## - ADDED ENTRY ELEMENTS (KOHA) | |
| Koha item type | DVD |
| Source of classification or shelving scheme | Dewey Decimal Classification |
| Withdrawn status | Lost status | Damaged status | Not for loan | Home library | Current library | Date acquired | Total Checkouts | Full call number | Date last seen | Price effective from | Koha item type | Public note |
|---|---|---|---|---|---|---|---|---|---|---|---|---|
| Buone Condizioni | Not For Loan | SPICS-MEDIATECA | SPICS-MEDIATECA | 31/01/2015 | H9699 | 31/01/2015 | 31/01/2015 | DVD | Progr. Ins.: 3913 / N.Vol.:1 / Copie: 1 / Pag.:0 / Copia rara: n.d. / date import: 1.2.2015 / By Epidotti, Trombetti, Vaglietti |